000 00303nam a2200109Ia 4500
008 160531s9999 xx 000 0 und d
100 _aDubey, Raghvendra K.
245 _aSex Hormones
245 _cby Raghvendra K. Dubey (ed.)
260 _c2012
856 _uhttp://www.intechopen.com/books/sex-hormones
999 _c295480
_d295480